| 000 | 00421nam a2200145Ia 4500 | ||
|---|---|---|---|
| 008 | 210210b1989 xxu||||| |||| 00| 0 eng d | ||
| 082 | _a796.03 GOEE | ||
| 100 | _aGOEL (R G) and GOEL (Veena). | ||
| 245 | _aEncyclopaedia of sports and games. | ||
| 260 |
_aNew Delhi. _bVikas Publishing House., _c1989 |
||
| 300 | _a746 | ||
| 650 | _aEncyclopaedia Sports, Games | ||
| 690 | _aAthletic & Outdoor Sports | ||
| 906 | _a042518 | ||
| 999 |
_c92505 _d92505 |
||